Spices In Cuisine - Statistics

General Stats
  • This quiz has been taken 57 times
  • The average score is 6 of 15
Answer Stats
Hint Answer % Correct
Salty Salt
84%
Spicy Paprika
73%
Sweet/Spicy Cinnamon
67%
Spicy/Savory Cumin
57%
Sweet/Spicy Thyme
53%
Salty/Spicy Garlic
51%
Spicy Cayenne
33%
Savory/Spicy Cardamom
31%
Spicy/Sweet Ginger
31%
Sweet Mint
27%
Savory/Sweet Saffron
27%
Savory Tumeric
22%
Sweet Sage
20%
Salty Himalayan Salt
6%
Sweet/Savory Sesame
2%
No matching quizzes found
Score Distribution
Percent of People with Each Score
Percentile by Number Answered
Your Score History
You have not taken this quiz